[Event "Tourn. n10225"]
[Site "www.echecsemail.com"]
[Date "2019.11.21"]
[Round "1"]
[White "Malbertan"]
[Black "Francesco"]
[WhiteElo "2050"]
[BlackElo "2080"]
[Result "1-0"]
[Round "1"]
1.e4 c6
2.d4 d5
3.Nb1c3 dxe4
4.Bf1c4 Bc8f5
5.Ng1e2 Ng8f6
6.Ne2g3 Bf5g6
7.O-O e6
8.f3 exf3
9.Qd1xf3 Bf8d6
10.Bc1g5 Nb8d7
11.Ra1e1 Qd8c7
12.d5 cxd5
13.Bc4xd5 Nf6xd5
14.Nc3xd5 Qc7c5
15.Bg5e3 Qc5xc2
16.Be3d4 Bd6c5
17.Qf3e3 Bc5xd4
18.Qe3xd4 O-O
19.Nd5e7 Kh8
20.Ne7xg6 fxg6
21.Qd4xd7 Qc2c5
22.Kh1 Rf8d8
23.Qd7xe6 Rd8g8
24.Re1e4 Qc5b5
25.Qe6xg6 hxg6
26.Re4h4 Qb5h5
27.Ng3xh5 Rg8d8
28.Nh5f6 { resign }
1-0

[Event "Match"]
[Site "www.echecsemail.com"]
[Date "2019.11.22"]
[Round "1"]
[White "Sorim"]
[Black "Picifarkinca"]
[WhiteElo "2310"]
[BlackElo "1730"]
[Result "1-0"]
[Round "1"]
1.d4 d5
2.c4 e6
3.Ng1f3 Ng8f6
4.Nb1c3 c6
5.Bc1g5 Nb8d7
6.e3 Bf8e7
7.Bf1d3 h6
8.Bg5h4 O-O
9.O-O dxc4
10.Bd3xc4 Nf6d5
11.Bh4g3 Rf8e8
12.Qd1d3 Nd7f8
13.Nf3e5 Be7f6
14.f4 Nd5xc3
15.bxc3 Bc8d7
16.Bc4b3 Ra8c8
17.Bb3c2 Bf6xe5
18.fxe5 Qd8g5
19.Bg3f4 Qg5g6
20.Qd3e2 { resign }
1-0

[Event "Tourn. n10227"]
[Site "www.echecsemail.com"]
[Date "2019.11.22"]
[Round "1"]
[White "Picifarkinca"]
[Black "Cal"]
[WhiteElo "1610"]
[BlackElo "1800"]
[Result "1-0"]
[Round "1"]
1.d4 d5
2.c4 dxc4
3.e3 b5
4.a4 c6
5.axb5 cxb5
6.Qd1f3 Bc8g4
7.Qf3xa8 e6
8.Ra1xa7 Bf8d6
9.Nb1c3 Ng8e7
10.Qa8e4 O-O
11.Qe4xg4 h6
12.Nc3xb5 Bd6b4
13.Nb5c3 Nb8c6
14.Ra7a1 Ne7g6
15.Bf1xc4 Bb4xc3
16.bxc3 Nc6e7
17.Ng1f3 Ne7f5
18.O-O Nf5d6
19.Bc4d3 Qd8c7
20.Bc1b2 Qc7e7
21.Bd3xg6 fxg6
22.Bb2a3 Rf8f6
23.Qg4g3 g5
24.Qg3xd6 Qe7e8
25.Nf3e5 Kh7
26.Ra1b1 h5
27.Rb1b8 Qe8a4
28.Ne5d7 Rf6f7
29.Nd7f8 Kh6
30.Ba3b4 Qa4c2
31.Qd6xe6 Rf7f6
32.Qe6g8 g4
33.Rb8b5 Qc2e4
34.Qg8h8 Qe4h7
35.Qh8xh7 
1-0

[Event "Tourn. n10186"]
[Site "www.echecsemail.com"]
[Date "2019.11.22"]
[Round "1"]
[White "Ditto"]
[Black "Cal"]
[WhiteElo "1850"]
[BlackElo "1690"]
[Result "1-0"]
[Round "1"]
1.e4 e5
2.Ng1f3 d6
3.Bf1c4 h6
4.d3 a6
5.O-O Bc8g4
6.Bc1e3 Ng8f6
7.Nb1d2 Bf8e7
8.c3 O-O
9.Qd1b3 Bg4h5
10.Nf3h4 b5
11.Bc4d5 c6
12.Bd5xf7 Bh5xf7
13.Qb3d1 Qd8d7
14.Nh4f5 d5
15.Nd2b3 a5
16.Nb3d2 dxe4
17.dxe4 c5
18.Qd1e2 Be7d8
19.Ra1d1 Nb8c6
20.Be3xc5 Ra8b8
21.a3 Rf8e8
22.Qe2e3 Bd8c7
23.Nd2f3 Qd7e6
24.Qe3e2 Nf6h5
25.Nf3d2 Nh5f4
26.Qe2e3 Qe6g6
27.Qe3f3 Bf7e6
28.Nf5h4 Qg6g5
29.Nh4f5 Be6xf5
30.exf5 Nc6d8
31.Qf3d5 Nd8f7
32.Qd5e4 Nf4h3
33.Kh1 Nh3f4
34.Rf1g1 Rb8d8
35.Nd2f3 Qg5g4
36.g3 Qg4h3
37.Rd1xd8 Re8xd8
38.Nf3h4 Nf7g5
39.Qe4c6 Qh3g4
40.Qc6xc7 Nf4e6
41.fxe6 Ng5h3
42.Qc7xd8 Kh7
43.e7 Qg4e4
44.Nh4g2 Nh3g5
45.e8Q Ng5f3
46.Qe8g8 Kg6
47.Qd8d6 Kh5
48.Qg8f7 g6
49.Qd6f6 Qe4g4
50.Qf6xf3 Qg4xf3
51.Qf7xf3 Kg5
52.Bc5e3 { resign }
1-0

[Event "Match"]
[Site "www.echecsemail.com"]
[Date "2019.11.22"]
[Round "1"]
[White "Whitekknight"]
[Black "Apdash"]
[WhiteElo "1860"]
[BlackElo "2180"]
[Result "0-1"]
[Round "1"]
1.e4 c5
2.Ng1f3 d6
3.d4 cxd4
4.Nf3xd4 Nb8c6
5.Nd4xc6 bxc6
6.Nb1c3 Ng8f6
7.Bf1d3 e6
8.Bc1g5 Bf8e7
9.O-O Qd8a5
10.Bg5d2 Qa5b6
11.Ra1b1 O-O
12.Bd2e3 Qb6b4
13.Be3d2 Qb4d4
14.Bd2g5 h6
15.Bg5e3 Qd4e5
16.Rf1e1 Qe5a5
17.Be3d2 Qa5b6
18.Bd2e3 c5
19.b3 Bc8b7
20.Bd3f1 a5
21.f3 d5
22.exd5 Nf6xd5
23.Nc3a4 Qb6c7
24.Be3f2 Bb7c6
25.Na4xc5 Nd5c3
26.Qd1d4 Nc3xb1
27.Re1xb1 Be7f6
28.Qd4g4 Qc7e5
29.Rb1d1 Rf8d8
30.Rd1d3 Qe5b2
31.Nc5xe6 Bc6d7
32.Bf2d4 Bf6xd4
33.Qg4xd4 Qb2xd4
34.Ne6xd4 a4
35.Nd4e2 axb3
36.axb3 Bd7f5
37.Rd3xd8 Ra8xd8
38.c3 Rd8d1
39.Kf2 Bf5d3
40.Ke3 Bd3c2
41.Kf2 Bc2xb3
42.Ne2d4 Bb3d5
43.Bf1e2 Rd1c1
44.Nd4b5 Bd5c6
45.Nb5d4 Rc1xc3
46.g4 Bc6d5
47.h4 Bd5c4
48.Be2xc4 Rc3xc4
49.Nd4e2 f5
50.gxf5 Rc4xh4
51.Kg3 Rh4a4
52.f4 Ra4e4
53.Kf3 Re4b4
54.Kg4 Kf7
55.Kh5 Rb4e4
56.Ne2c3 Re4xf4
57.f6 Rf4xf6
{ resign }
0-1

[Event "Tourn. n10237"]
[Site "www.echecsemail.com"]
[Date "2019.11.22"]
[Round "1"]
[White "Odin"]
[Black "Ditto"]
[WhiteElo "1810"]
[BlackElo "1980"]
[Result "0-1"]
[Round "1"]
1.d4 d5
2.c4 c6
3.Ng1f3 Bc8g4
4.Nf3e5 Bg4c8
5.e3 Bc8f5
6.Qd1f3 e6
7.cxd5 cxd5
 { time }
0-1

[Event "Match"]
[Site "www.echecsemail.com"]
[Date "2019.11.22"]
[Round "1"]
[White "Cal"]
[Black "Eeze"]
[WhiteElo "1760"]
[BlackElo "1700"]
[Result "1-0"]
[Round "1"]
1.b4 e5
2.e4 Bf8xb4
3.c3 Bb4a5
4.Bc1a3 Nb8c6
5.Bf1b5 Ng8e7
6.Ba3xe7 Nc6xe7
7.Ng1f3 a6
8.Bb5a4 Ne7g6
9.O-O O-O
10.h3 b5
11.Ba4b3 c6
12.Qd1e2  { time }
1-0

[Event "Tourn. n10192"]
[Site "www.echecsemail.com"]
[Date "2019.11.22"]
[Round "1"]
[White "Zsigazsuga"]
[Black "Fereike"]
[WhiteElo "1499"]
[BlackElo "1710"]
[Result "1-0"]
[Round "1"]
1.Ng1f3 d5
2.c4 d4
3.b4 Bc8f5
4.d3 e6
5.Qd1b3 Ng8f6
6.a4 Nb8c6
7.Bc1d2 Bf8e7
8.g3 O-O
9.Bf1g2 Qd8e8
10.O-O Ra8d8
11.c5 Nf6d7
12.Nb1a3 e5
13.Ra1c1 Bf5e6
14.Na3c4 { resign }
1-0

[Event "Tourn. n10223"]
[Site "www.echecsemail.com"]
[Date "2019.11.22"]
[Round "1"]
[White "Gandalf50"]
[Black "Galiany17"]
[WhiteElo "2420"]
[BlackElo "2500"]
[Result "1-0"]
[Round "1"]
1.c4 e6
2.Nb1c3 Ng8f6
3.e4 d5
4.e5 d4
5.exf6 dxc3
6.bxc3 Qd8xf6
7.d4 c5
8.Ng1f3 h6
9.Bf1d3 Nb8c6
10.Bd3e4 Bf8d6
11.O-O O-O
12.Bc1e3 Qf6e7
13.Ra1b1 Nc6a5
14.dxc5 Bd6xc5
15.Nf3e5 Bc5d6
16.f4 Qe7c7
17.Be3d4 Na5xc4
18.Qd1e2 Nc4b6
19.Kh1 Nb6d5
20.c4 Nd5f6
21.Be4f3 Bd6e7
22.Qe2e3 Rf8d8
23.Rf1d1 Rd8d6
24.g4 Nf6h7
25.c5 Rd6a6
26.Qe3e4 Nh7f6
27.Rb1xb7 Qc7d8
28.Qe4c2 Nf6d5
29.Rb7b1 Be7f6
30.g5 Bf6xe5
31.Bd4xe5 hxg5
32.Rd1g1 f6
33.Qc2g6 fxe5
34.Rg1xg5 Qd8f8
35.Bf3e4 Ra6a4
36.Qg6h7 Kf7
37.Qh7h5 Ke7
38.Be4xd5 { resign }
1-0

[Event "Match"]
[Site "www.echecsemail.com"]
[Date "2019.11.22"]
[Round "1"]
[White "Ditto"]
[Black "Llord"]
[WhiteElo "1880"]
[BlackElo "1970"]
[Result "0-1"]
[Round "1"]
1.e4 e5
2.Ng1f3 Nb8c6
3.Bf1c4 Ng8f6
4.Nb1c3 Bf8b4
5.O-O O-O
6.d3 d6
7.Bc1g5 h6
8.Bg5d2 Bc8g4
9.a3 Bb4a5
10.b4 Ba5b6
11.a4 Bb6d4
12.Ra1b1 Nf6h5
13.Nc3a2 Nh5f4
14.c3 Bd4xc3
15.Bd2xc3 Bg4xf3
16.Qd1xf3 Qd8g5
17.b5 Nc6d4
18.Bc3xd4 exd4
19.Rf1e1 Rf8e8
20.Na2b4 c5
21.Nb4c2 Re8f8
22.e5 dxe5
23.Re1e4 Ra8e8
24.a5 b6
25.axb6 axb6
26.Rb1e1 Kh8
27.Re1d1 f5
28.Re4e1 e4
29.dxe4 fxe4
30.Re1xe4 Re8xe4
31.Qf3xe4 Nf4h3
32.Kf1 Nh3xf2
33.Qe4e6 Nf2xd1
34.Kg1 Qg5f4
35.h3 Qf4f2
36.Kh2 Qf2f4
37.Kh1 Nd1f2
38.Kg1 Qf4c1
39.Kh2 Qc1xc2
40.Bc4d5 d3
41.Qe6e7 Rf8b8
42.Bd5f3 d2
43.Kg3 d1Q
44.Qe7c7 Qc2g6
45.Kxf2 Qd1d2
46.Kg1 Rb8f8
47.Bf3c6 Qd2e3
48.Kh2 Qe3f4
49.Qc7xf4 Rf8xf4
50.Kg1 Qg6f6
51.Bc6f3 Rf4xf3
52.gxf3 Qf6xf3
53.h4 c4
54.Kh2 c3
55.Kg1 c2
56.h5 c1Q
57.Kh2 Qc1h1

0-1

[Event "Match"]
[Site "www.echecsemail.com"]
[Date "2019.11.22"]
[Round "1"]
[White "Picifarkinca"]
[Black "Andychesston"]
[WhiteElo "1750"]
[BlackElo "1770"]
[Result "1-0"]
[Round "1"]
1.d4 d5
2.c4 Ng8f6
3.cxd5 Nf6xd5
4.e4 Nd5f6
5.Nb1c3 e5
6.d5 Bf8b4
7.Qd1a4 Nf6d7
8.Qa4xb4 a5
9.Qb4a4 O-O
10.Ng1f3 b6
11.Bc1e3 Qd8e7
12.Bf1e2 Nd7c5
13.Be3xc5 bxc5
14.O-O f5
15.Be2d3 f4
16.a3 Bc8g4
17.Nf3xe5 Qe7xe5
18.f3 Bg4h5
19.Nc3b5 Bh5e8
20.Qa4c4 Kh8
21.Qc4xc5 Nb8d7
22.Qc5xc7 Qe5xb2
23.Ra1b1 Qb2d2
24.Rf1d1 Qd2e3
25.Kh1 Nd7c5
26.Bd3f1 Be8xb5
27.Bf1xb5 Ra8c8
28.Qc7xa5 Nc5b7
29.Qa5b4 Qe3b6
30.Bb5c6 Qb6xb4
31.axb4 Nb7d6
32.b5 Rc8b8
33.b6 g5
34.b7 Nd6c4
35.Rd1d4 Nc4a5
36.Kg1 Rf8d8
37.Rd4a4 Na5xb7
38.Rb1xb7 Rb8c8
39.Ra4a7 { resign }
1-0

[Event "1/128 Finale"]
[Site "www.chess-mail.com"]
[Date "2019.11.22"]
[Round "1"]
[White "Osopanda"]
[Black "Cal"]
[WhiteElo "1600"]
[BlackElo "1820"]
[Result "1-0"]
[Round "1"]
1.d4 d5
2.c4 dxc4
3.Nb1c3 e6
4.e4 h6
5.Bf1xc4 a6
6.Ng1f3 Bf8b4
7.O-O Ng8f6
8.Rf1e1 Bb4xc3
9.bxc3 c6
10.d5 cxd5
11.exd5 Qd8c7
12.Qd1e2 O-O
13.dxe6 Bc8xe6
14.Bc4xe6 fxe6
15.Qe2xe6 Qc7f7
16.Bc1a3 Qf7xe6
17.Re1xe6 Rf8c8
18.Nf3e5 Rc8xc3
19.Ba3b2 Nb8c6
20.Bb2xc3 Nf6d5
21.Bc3b2 Nc6b4
22.Ra1d1 Nd5f4
23.Rd1d7 b5
24.Re6e7 Nf4h5
25.g4 Nh5f4
26.h4 Ra8f8
27.Re7xg7 Kh8
28.Rg7h7 Kg8
29.Rd7g7 { resign }
1-0

[Event "Tourn. n10247"]
[Site "www.echecsemail.com"]
[Date "2019.11.23"]
[Round "1"]
[White "Coolant"]
[Black "Lesbianstar"]
[WhiteElo "2330"]
[BlackElo "2689"]
[Result "1-0"]
[Round "1"]
1.d4 Ng8f6
2.Bc1f4 d5
3.Ng1f3 c5
4.e3 Nb8c6
5.c3 Qd8b6
6.Qd1b3 c4
7.Qb3xb6 axb6
8.Nb1a3  { time }
1-0

[Event "Tourn. n10233"]
[Site "www.echecsemail.com"]
[Date "2019.11.23"]
[Round "1"]
[White "Passaroa25"]
[Black "Osopanda"]
[WhiteElo "1650"]
[BlackElo "1650"]
[Result "1-0"]
[Round "1"]
1.Ng1f3 d6
2.Nb1c3 e5
3.e4 c6
4.d3 Bc8e6
5.Bc1d2 Ng8f6
6.h3 Bf8e7
7.Bf1e2 O-O
8.O-O Nb8d7
9.Nf3h4 d5
10.Nh4f5 d4
11.Nc3b1 Be6xf5
12.exf5 Nf6d5
13.Be2g4 Nd7f6
14.f3 h5
15.Bd2g5 hxg4
16.hxg4 Nd5e3
{ time. }
1-0

[Event "Tourn. n10209"]
[Site "www.echecsemail.com"]
[Date "2019.11.23"]
[Round "1"]
[White "Kevinking"]
[Black "Esperanza"]
[WhiteElo "2020"]
[BlackElo "2060"]
[Result "1-0"]
[Round "1"]
1.d4 Ng8f6
2.c4 e5
3.e3 e4
4.Nb1c3 Bf8b4
5.Bc1d2 Bb4xc3
6.Bd2xc3 d5
7.cxd5 Nf6xd5
8.Ng1e2 O-O
9.Ne2g3 Nd5xc3
10.bxc3 Rf8e8
11.Qd1c2 Qd8e7
12.Bf1c4 Nb8d7
13.O-O Nd7f6
14.h3 Bc8d7
15.a4 Bd7c6
16.a5 b6
17.axb6 axb6
18.Qc2b3 g6
19.Ng3e2 Re8b8
20.Rf1b1 Ra8xa1
21.Rb1xa1 b5
22.d5 Bc6d7
23.d6 cxd6
24.Ra1a7 Qe7e8
25.Bc4d5 Nf6xd5
26.Qb3xd5 Qe8e6
27.Qd5d4 Rb8c8
28.Ne2f4 Qe6e7
29.Nf4d5 { resign }
1-0

[Event "Tourn. n10221"]
[Site "www.echecsemail.com"]
[Date "2019.11.23"]
[Round "1"]
[White "Osopanda"]
[Black "Passaroa25"]
[WhiteElo "1600"]
[BlackElo "1730"]
[Result "0-1"]
[Round "1"]
1.e4 Nb8c6
2.d4 d6
3.Bc1e3 Ng8f6
4.Bf1d3 Bc8d7
5.Ng1f3 e6
6.O-O Bf8e7
7.Nb1c3 a6
8.Rf1e1 O-O
9.e5 dxe5
10.dxe5 Nf6d5
11.Nc3xd5 exd5
12.c3 h6
13.Bd3c2 Bd7e6
14.Nf3d4 Nc6xe5
15.Nd4xe6 fxe6
16.Be3d4 Ne5c4
17.b3 Nc4a3
18.Bc2g6 Na3b5
19.Ra1c1 Qd8d7
20.Bd4e5 Be7f6
21.Be5xf6 Rf8xf6
22.Qd1g4 Nb5d6
23.Bg6d3 Nd6f5
24.c4 c6
25.cxd5 Qd7xd5
26.Bd3c4 { time. }
0-1

[Event "Tourn. n10248"]
[Site "www.echecsemail.com"]
[Date "2019.11.23"]
[Round "1"]
[White "Apdash"]
[Black "Argento"]
[WhiteElo "2210"]
[BlackElo "2240"]
[Result "0-1"]
[Round "1"]
1.e4 e5
2.Ng1f3 Nb8c6
3.d4 exd4
4.Nf3xd4 Ng8f6
5.Nd4xc6 bxc6
6.Bf1d3 d5
7.e5 Nf6g4
8.Bc1f4 Bf8c5
9.O-O g5
10.Bf4g3 h5
11.h3 h4
12.hxg4 hxg3
13.Nb1c3 Ke7
14.Nc3a4 Rh8h1
15.Kxh1 Qd8h8
16.Kg1 Qh8h2
{ resign }
0-1

[Event "Tourn. n10229"]
[Site "www.echecsemail.com"]
[Date "2019.11.23"]
[Round "1"]
[White "Passaroa25"]
[Black "Osopanda"]
[WhiteElo "1650"]
[BlackElo "1650"]
[Result "1-0"]
[Round "1"]
1.Nb1c3 d5
2.d4 Ng8f6
3.f3 e6
4.Bc1d2 Nb8d7
5.e4 dxe4
6.Nc3xe4 Bf8e7
7.Ng1e2 O-O
8.Ne2c3 c5
9.Bd2e3 cxd4
10.Qd1xd4 Nf6xe4
11.Qd4xe4 Nd7f6
12.Qe4a4 Bc8d7
13.Qa4b3 Bd7c6
14.Be3f2 Nf6d5
15.Nc3e2 Qd8a5
16.c3 Rf8d8
17.Bf2d4 Be7f6
{ time. }
1-0

[Event "Match"]
[Site "www.echecsemail.com"]
[Date "2019.11.24"]
[Round "1"]
[White "Seger"]
[Black "Sociopath"]
[WhiteElo "2800"]
[BlackElo "2800"]
[Result "1/2-1/2"]
[Round "1"]
1.e4 c5
2.Ng1f3 d6
3.d4 cxd4
4.Qd1xd4 Ng8f6
5.e5 Nb8c6
6.Bf1b5 Qd8a5
7.Nb1c3 Qa5xb5
8.Nc3xb5 Nc6xd4
9.Nb5xd4 dxe5
10.Nf3xe5 a6
11.O-O Nf6d7
12.Ne5d3 e6
13.a4 Nd7c5
14.Nd3xc5 Bf8xc5
15.Nd4b3 Bc5e7
16.Bc1e3 h5
17.Rf1d1 h4
18.h3 Rh8h5
19.c4 Bc8d7
20.Nb3d4 Ra8c8
21.b3 f6
22.f3 Be7b4
23.Kf2 Rh5h8
24.Nd4c2 Bb4e7
25.Rd1d2 e5
26.Be3b6 Bd7e6
27.a5 Kf7
28.Nc2e3 g5
29.Ne3d5 Be7f8
30.Ke2 Kg6
31.Kd1 Be6f5
32.Nd5e3 Bf5e6
33.Ne3d5 Be6f5
{ draw }
1/2-1/2

[Event "Tourn. n10236"]
[Site "www.echecsemail.com"]
[Date "2019.11.24"]
[Round "1"]
[White "Apdash"]
[Black "Bira47"]
[WhiteElo "2180"]
[BlackElo "2050"]
[Result "1-0"]
[Round "1"]
1.e4 c5
2.Ng1f3 e6
3.d4 cxd4
4.Nf3xd4 a6
5.Bf1e2 Bf8e7
6.O-O b5
7.c4 bxc4
8.Be2xc4 Bc8b7
9.f3 Nb8c6
10.Kh1 Nc6e5
11.Bc4b3 Ng8f6
12.Bc1f4 Ne5g6
13.Bf4g5 h6
14.Bg5e3 O-O
15.Nb1c3 d5
16.exd5 Nf6xd5
17.Nc3xd5 Bb7xd5
18.Bb3xd5 Qd8xd5
19.Qd1e2 Rf8c8
20.Rf1d1 Qd5b7
21.Rd1d3 Rc8c7
22.Ra1d1 Ra8c8
23.Rd3b3 Qb7a8
24.Rb3b6 Be7c5
25.Rb6xa6 Rc7a7
26.Ra6xa7 Qa8xa7
27.a3 Ng6f4
28.Be3xf4 Bc5xd4
29.Bf4e5 Bd4xe5
30.Qe2xe5 Rc8c2
31.Rd1d8  { time }
1-0

[Event "Tourn. n10250"]
[Site "www.echecsemail.com"]
[Date "2019.11.24"]
[Round "1"]
[White "Rons"]
[Black "Lesbianstar"]
[WhiteElo "2590"]
[BlackElo "2689"]
[Result "1-0"]
[Round "1"]
1.e4 c5
2.Ng1f3 d6
3.d4 cxd4
4.Nf3xd4 Ng8f6
5.Nb1c3 a6
6.Bc1g5 e6
7.f4 Qd8b6
8.Qd1d2 Qb6xb2
9.Ra1b1  { time }
1-0

[Event "Match"]
[Site "www.echecsemail.com"]
[Date "2019.11.24"]
[Round "1"]
[White "Aiko1603"]
[Black "Apdash"]
[WhiteElo "2110"]
[BlackElo "2190"]
[Result "0-1"]
[Round "1"]
1.c4 e5
2.Nb1c3 Ng8f6
3.g3 Bf8b4
4.Bf1g2 O-O
5.a3 Bb4xc3
6.bxc3 c6
7.d3 d5
8.cxd5 cxd5
9.Bc1g5 Qd8a5
10.Bg5xf6 Qa5xc3
11.Kf1 gxf6
12.Bg2xd5 Nb8d7
13.Ng1f3 Nd7b6
14.Bd5a2 Bc8h3
15.Kg1 Ra8d8
16.Nf3d2 f5
17.f3 Qc3d4
{ resign }
0-1

[Event "Tourn. n10239"]
[Site "www.echecsemail.com"]
[Date "2019.11.24"]
[Round "1"]
[White "Estonia"]
[Black "Iko"]
[WhiteElo "1890"]
[BlackElo "1800"]
[Result "1-0"]
[Round "1"]
1.e4 e5
2.f4 exf4
3.Ng1f3 d5
4.exd5 Qd8xd5
5.Nb1c3 Qd5e6
6.Qd1e2 Nb8c6
7.d3 Bc8d7
8.Bc1xf4 O-O-O
9.O-O-O Rd8e8
10.d4 Bf8b4
11.d5 Qe6xe2
12.Nc3xe2 Ng8f6
13.dxc6 Bd7xc6
14.Ne2d4 Bb4c5
15.Nd4xc6 bxc6
16.Bf1a6 Kb8
17.Nf3e5 Re8e7
18.Ne5xc6 Ka8
19.Nc6xe7 Bc5xe7
20.Bf4xc7 Nf6e4
21.Rh1f1 Ne4c5
22.Ba6e2 f6
23.Be2f3 Nc5b7
24.Rd1d7 Rh8d8
25.Bc7xd8 Be7xd8
26.Rd7xd8 
1-0

[Event "Match"]
[Site "www.echecsemail.com"]
[Date "2019.11.24"]
[Round "1"]
[White "Jesmantiz"]
[Black "Apdash"]
[WhiteElo "2150"]
[BlackElo "2150"]
[Result "0-1"]
[Round "1"]
1.d4 Ng8f6
2.e3 e6
3.Bf1d3 d5
4.Nb1d2 c5
5.c3 Nb8c6
6.f4 g6
7.a3 cxd4
8.cxd4 Nf6h5
9.Ng1f3 Bf8g7
10.O-O O-O
11.Nf3e5 f6
12.Ne5f3 Bg7h8
13.g4 Nh5g7
14.Ra1b1 e5
15.dxe5 Bc8xg4
16.exf6 Rf8xf6
17.Qd1b3 Ng7f5
18.Bd3xf5 Bg4xf5
19.e4 Bf5h3
20.Rf1f2 Rf6xf4
21.exd5 Nc6d4
22.Qb3e3 Nd4xf3
23.Rf2xf3 Bh8d4
24.Rf3xh3 Bd4xe3
25.Rh3xe3 Qd8b6
26.Nd2f1 Ra8f8
27.Bc1d2 Qb6d4
28.Kg2 Rf4f2
{ resign }
0-1

[Event "Match"]
[Site "www.echecsemail.com"]
[Date "2019.11.24"]
[Round "1"]
[White "Micheles"]
[Black "Lesbianstar"]
[WhiteElo "2630"]
[BlackElo "1499"]
[Result "1-0"]
[Round "1"]
1.d4 Ng8f6
2.Ng1f3 d5
3.Bc1g5 Nf6e4
4.Bg5h4 c5
5.dxc5 Nb8c6
6.e3 f6
7.a3 e5
8.Nb1d2  { time }
1-0

[Event "Tourn. n10247"]
[Site "www.echecsemail.com"]
[Date "2019.11.24"]
[Round "1"]
[White "Seger"]
[Black "Lesbianstar"]
[WhiteElo "2830"]
[BlackElo "2689"]
[Result "1-0"]
[Round "1"]
1.e4 c5
2.g3 g6
3.Bf1g2 Nb8c6
4.f4 Bf8g7
5.d3 d6
6.c3 e5
7.Ng1e2 h5
8.h3 f5
9.Bc1e3  { time }
1-0

[Event "Match"]
[Site "www.echecsemail.com"]
[Date "2019.11.24"]
[Round "1"]
[White "Llord"]
[Black "Aders1"]
[WhiteElo "1900"]
[BlackElo "1799"]
[Result "0-1"]
[Round "1"]
1.e4 g6
2.d4 Bf8g7
3.e5 c5
4.c3 cxd4
5.cxd4 d6
6.Nb1c3 dxe5
7.dxe5 Qd8xd1
8.Nc3xd1 Bg7xe5
9.Ng1f3 Be5g7
10.Bf1b5 Bc8d7
11.Bb5xd7 Nb8xd7
12.Nd1c3 Bg7xc3
13.bxc3 Ng8f6
14.O-O O-O
15.Bc1h6 Rf8c8
16.Rf1c1 Rc8c6
17.Nf3d4 Rc6c4
18.Ra1b1 b6
19.Rb1b4 Ra8c8
20.Rb4xc4 Rc8xc4
21.Nd4b5 a6
22.Nb5a3 Rc4a4
23.Na3b1 Ra4xa2
24.c4 Nf6e4
25.Rc1e1 Ra2a1
26.f3 Ne4c5
27.Re1xe7 Ra1xb1
28.Kf2 Nd7f8
29.Re7e8 Nc5d7
30.Re8a8 Rb1b2
31.Kg3 Rb2a2
32.Ra8d8 a5
33.Bh6e3 Ra2c2
34.Rd8c8 a4
35.Rc8a8 Rc2xc4
36.h4 Kg7
37.Ra8a6 b5
38.Ra6d6 b4
39.Rd6d1 a3
40.Be3d4 Rc4xd4
41.Rd1b1 a2
{ resign }
0-1

[Event "Tourn. n10255"]
[Site "www.echecsemail.com"]
[Date "2019.11.24"]
[Round "1"]
[White "Apdash"]
[Black "Fantomas"]
[WhiteElo "2240"]
[BlackElo "2100"]
[Result "1-0"]
[Round "1"]
1.e4 e5
2.Ng1f3 d6
3.d4 exd4
4.Nf3xd4 a6
5.a4 Bc8d7
6.Nb1c3 Nb8c6
7.a5 g6
8.Bf1c4 Bf8g7
9.Bc1e3 Ng8e7
10.O-O O-O
11.Nc3d5 Nc6e5
12.Bc4b3 Kh8
13.f4 Ne5g4
14.Qd1f3 Ne7xd5
15.Bb3xd5 Ng4xe3
16.Qf3xe3 c6
17.Bd5b3 f6
18.f5 g5
19.Nd4e6 Rf8e8
20.Ne6xd8 { resign }
1-0

[Event "Tourn. n10150"]
[Site "www.echecsemail.com"]
[Date "2019.11.24"]
[Round "1"]
[White "Jerome"]
[Black "Jaroslavpech"]
[WhiteElo "2269"]
[BlackElo "2680"]
[Result "1-0"]
[Round "1"]
1.e4 c5
2.Ng1f3 Nb8c6
3.d4 cxd4
4.Nf3xd4 Ng8f6
5.Nb1c3 e5
6.Nd4b5 d6
7.Bc1g5 a6
8.Nb5a3 b5
9.Nc3d5 Bf8e7
10.Bg5xf6 Be7xf6
11.c3 O-O
12.Na3c2 Bf6g5
13.a4 bxa4
14.Ra1xa4 a5
15.Bf1c4 Ra8b8
16.b3 Kh8
17.Nc2e3 g6
18.h4 Bg5xh4
19.g3 Bh4g5
20.f4 exf4
21.gxf4 Bg5h4
22.Kf1 f5
23.Ra4a2 g5
24.Qd1h5 fxe4
25.Ra2h2 Rb8b7
26.Ke2 Bc8e6
27.Qh5h6 Be6xd5
28.Ne3xd5 Rf8f7
29.Qh6e6 Rf7g7
30.Nd5f6 d5
31.fxg5 dxc4
32.Rh1d1 Qd8f8
33.Rh2xh4 Nc6e7
34.Qe6xc4 Ne7g8
35.Nf6xe4 Qf8f7
36.Rd1d5 Rb7b8
37.Rd5xa5 Rb8xb3
38.Qc4xf7 Rg7xf7
{ time. }
1-0

[Event "1/32 Finale"]
[Site "www.chess-mail.com"]
[Date "2019.11.24"]
[Round "1"]
[White "Nimzo"]
[Black "Bevittsmith"]
[WhiteElo "2680"]
[BlackElo "2270"]
[Result "1-0"]
[Round "1"]
1.d4 Ng8f6
2.c4 g6
3.g3 Bf8g7
4.Bf1g2 d5
5.cxd5 Nf6xd5
6.Ng1f3 O-O
7.O-O c6
8.e4 Nd5b6
9.h3 Nb8d7
10.Nb1c3 e5
11.Bc1g5 Qd8e8
12.b3 exd4
13.Nf3xd4 Nd7c5
14.Ra1c1 Nc5e6
15.Nd4xe6 Bc8xe6
16.Qd1c2 h6
17.Bg5e3 Qe8e7
18.Nc3e2 Ra8d8
19.Be3c5 Qe7c7
20.Bc5xf8 Bg7xf8
21.Rc1d1 { resign }
1-0

[Event "Match"]
[Site "www.echecsemail.com"]
[Date "2019.11.25"]
[Round "1"]
[White "Ztornad"]
[Black "Krystek23"]
[WhiteElo "1980"]
[BlackElo "2540"]
[Result "0-1"]
[Round "1"]
1.d4 Ng8f6
2.Ng1f3 g6
3.b3 Bf8g7
4.h3 d6
5.Qd1d3 O-O
6.Nf3g5 c5
7.Bc1b2 cxd4
8.Qd3xd4 Nb8c6
9.Qd4h4 Qd8a5
10.c3 h6
11.Ng5f3 Nf6d5
12.Qh4a4 Qa5xa4
13.bxa4 Nc6b4
14.Nb1a3 Nd5xc3
15.Nf3d2 Bc8e6
16.Ra1c1 Rf8c8
17.g3 Nc3xa4
18.Rc1xc8 Ra8xc8
19.Nd2c4 Be6xc4
20.Bb2xg7 Kxg7
21.Na3xc4 Rc8xc4
22.f4 Nb4xa2
23.e3 Rc4c2
24.Kd1 Na2b4
25.Bf1e2 Na4c3
26.Ke1 Rc2xe2
27.Kf1 Re2xe3
28.Rh1g1 Nb4d3
29.h4 a5
30.Rg1h1 a4
31.Kg2 a3
32.Rh1f1 a2
33.Rf1a1 Re3e1
34.Ra1xe1 Nc3b1
35.Re1e3 Nd3c5
36.Re3xe7 a1Q
37.Re7e2 Nb1c3
38.Re2e7 Qa1b2
39.Kf3 Qb2e2
40.Re7xe2 Nc3xe2
41.Kxe2 b5
42.Kd2 h5
43.Kc3 Kf6
44.Kd4 b4
45.Ke3 b3
46.Kd2 Kf5
47.Kc3 Kg4
48.Kb2 Kxg3
49.Kc3 Kxh4
50.Kb4 Kg3
 { time }
0-1

[Event "Match"]
[Site "www.echecsemail.com"]
[Date "2019.11.25"]
[Round "1"]
[White "Ztornad"]
[Black "Stevep84"]
[WhiteElo "1980"]
[BlackElo "2320"]
[Result "0-1"]
[Round "1"]
1.Nb1c3 e5
2.a3 d5
3.e4 dxe4
4.Nc3xe4 Bc8f5
5.Ne4g3 Bf5g6
6.Qd1f3 Nb8c6
7.c3 Ng8f6
8.d3 Bf8c5
9.Bc1g5 O-O
10.Bg5xf6 gxf6
11.Ng3f5 Qd8d7
12.g4 Rf8e8
13.O-O-O Nc6e7
14.d4 Bc5d6
15.Nf5xd6 cxd6
16.dxe5 fxe5
17.Rd1d2 Qd7e6
18.c4 Re8c8
19.b3 d5
20.Qf3c3 dxc4
21.b4 Qe6xg4
22.Bf1h3 Qg4e4
23.Rd2c2 Qe4xh1
24.Qc3e1 Bg6xc2
25.Kxc2 Qh1d5
26.f3 Qd5d3
27.Kc1 Qd3xa3
28.Kc2 Rc8d8
29.Qe1c3 Qa3xc3
30.Kxc3 Rd8d1
31.Ng1e2 Rd1h1
32.Kxc4 Rh1xh2
33.Bh3f1 Rh2f2
34.Ne2g3 Ra8c8
35.Kb5 Rf2xf3
36.Ng3e4 Rf3xf1
37.Ne4d6 Rc8d8
38.Nd6c4 Rd8d5
39.Ka4 Rf1f3
40.Nc4b2 Ne7c6
41.b5 Rd5d4
42.Nb2c4 Rd4xc4
 { time }
0-1

[Event "Match"]
[Site "www.echecsemail.com"]
[Date "2019.11.25"]
[Round "1"]
[White "Double2dutch"]
[Black "Apdash"]
[WhiteElo "2410"]
[BlackElo "2230"]
[Result "0-1"]
[Round "1"]
1.Ng1f3 Ng8f6
2.c4 e6
3.g3 d5
4.Bf1g2 c6
5.O-O Bf8e7
6.d4 O-O
7.Nb1c3 Nb8d7
8.a4 a6
9.Qd1d3 dxc4
10.Qd3xc4 Nd7b6
11.Qc4b3 Nb6d5
12.Nf3e5 Qd8b6
13.Qb3xb6 Nd5xb6
14.e4 c5
15.d5 exd5
16.exd5 Rf8d8
17.Rf1d1 Be7d6
18.f4 Bc8g4
19.Ne5xg4 Nf6xg4
20.h3 Ng4f6
21.b3 Ra8c8
22.Bc1e3 Nb6d7
23.Bg2f1 Rd8e8
24.Be3f2 Nf6e4
25.Nc3xe4 Re8xe4
26.Ra1c1 Re4b4
27.Bf1c4 b5
28.axb5 axb5
{ resign }
0-1

[Event "Match"]
[Site "www.echecsemail.com"]
[Date "2019.11.25"]
[Round "1"]
[White "Eeze"]
[Black "Bgm9"]
[WhiteElo "1700"]
[BlackElo "1990"]
[Result "0-1"]
[Round "1"]
1.e4 c5
2.c3 Nb8c6
3.Ng1f3 d6
4.h3 e5
5.Bf1b5 Bc8d7
6.O-O Ng8f6
7.d3 Qd8b6
8.Bb5a4 Bf8e7
 { time }
0-1

[Event "Match"]
[Site "www.echecsemail.com"]
[Date "2019.11.25"]
[Round "1"]
[White "Apdash"]
[Black "Llord"]
[WhiteElo "2220"]
[BlackElo "1900"]
[Result "1-0"]
[Round "1"]
1.e4 e5
2.Ng1f3 Nb8c6
3.Bf1b5 d6
4.d4 Bc8g4
5.dxe5 dxe5
6.Qd1xd8 Ra8xd8
7.Bb5xc6 bxc6
8.Nb1d2 Ng8f6
9.Nf3xe5 Bg4h5
10.Ne5xc6 Rd8d7
11.f3 Bf8b4
12.Nc6xb4 c5
13.Nb4d3 O-O
14.Nd3xc5 Rd7c7
15.b4 a5
16.c3 axb4
17.cxb4 Rf8d8
18.Bc1b2 h6
19.Bb2xf6 gxf6
20.Nd2b3 Kg7
21.O-O Rd8g8
22.g4 Kh7
23.h3 Bh5g6
24.Kf2 Kh8
25.a4 Rc7c8
26.Rf1d1 h5
27.Nb3d4 Rg8d8
28.Nd4f5 Bg6xf5
29.exf5 hxg4
30.hxg4 Rd8g8
31.Rd1d7 Rg8g7
32.Nc5b7 Rc8c2
33.Kg3 Rc2b2
34.Rd7d8 Rg7g8
35.Rd8xg8 Kxg8
36.b5 Rb2b4
37.a5 Rb4xb5
38.a6 { resign }
1-0